| 000 | 00826nam a2200229Ia 4500 | ||
|---|---|---|---|
| 003 | GCL | ||
| 008 | 140319s9999 xx 000 0 ara d | ||
| 020 | _a0488600977 | ||
| 040 |
_aGCL / _cGCL |
||
| 082 | 0 | 4 |
_a621.56 _bف ا |
| 100 | 1 | _aفاروق محمد العامرى | |
| 245 | 1 | 0 |
_aاجهزة تكييف الهواء : _bتصميم وتركيب وتشغيل وصيانة واصلاح (شباك- سبليت - تكييف مركزى - سيارة) / _cفاروق محمد العامرى |
| 250 | _aالاولى | ||
| 260 |
_aالقاهرة : _bدار الفاروق للنشر والتوزيع ، _c1993 |
||
| 300 |
_a462 ص ؛ _c24 سم |
||
| 490 | _a | ||
| 650 | 0 | 4 | _aالسيارات |
| 650 | 0 | 4 | _aالمبانى |
| 650 | 0 | 4 | _aتكييف الهواء |
| 650 | 0 | 4 | _aهندسة كهربائية |
| 942 |
_2ddc _cBK |
||
| 999 |
_c33310 _d33310 |
||